000 00906nam a22002657a 4500
003 OSt
005 20260422133424.0
008 250225b |||||||| |||| 00| 0 eng d
020 _a9780323793735 (Hardcover)
040 _aNUST
_beng
_cNUST
_dNUST
_erda
050 _aQM25 NET
100 _aNetter, Frank H
_eAuthor
245 _aNetter atlas of human anatomy :
_bclassic regional approach /
_cFrank H Netter.
250 _aEighth edition.
260 _aPhiladelphia, PA :
_bElsevier,
_c2023.
300 _a1 volume (various pagings) :
_b Illustrations ;
_c30 cm.
336 _2rdamedia
_atext
_btxt
337 _2rdamedia
_aunmediated
_bn
338 _2rdamedia
_avolume
_bnc
504 _aIncludes bibliographical references and index.
650 _vHuman anatomy -- Atlases.
650 _vAnatomy.
650 _vHumans.
942 _2lcc
_cBOOKS
_eEighth edition.
_hQM25 NET
_kQM
_mNET
_n0
_07
999 _c171330
_d171330